Statistics for What Words Can You Make: Georgia

Click here to take the quiz!

General Stats

  • This quiz has been taken 10 times
  • The average score is 24 of 55

Answer Stats

LettersAnswer% Correct
3Air
90%
3Ear
90%
3Gig
90%
3Gor
90%
5Gorge
90%
3Rag
90%
4Rage
90%
3Age
80%
3Gag
80%
4Gore
80%
4Grog
80%
3Ore
80%
3Rig
80%
4Ager
70%
3Era
70%
4Gear
70%
3Ire
70%
3Reg
70%
3Are
60%
3Egg
60%
4Gage
60%
3Gar
60%
4Ogre
60%
3Roe
60%
4Aero
40%
3Ego
40%
3Erg
40%
3Goa
40%
3Org
40%
3Ria
40%
3Ago
30%
4Ergo
30%
5Gager
30%
4Goer
30%
3Oar
30%
3Ora
30%
5Aggie
20%
5Aggro
20%
4Agog
20%
3Gie
20%
4Grig
20%
3Igg
20%
4Ragg
20%
4Giga
10%
4Ragi
10%
3Rai
10%
5Agger
0%
4Agio
0%
4Agro
0%
4Areg
0%
5Eggar
0%
3Gae
0%
4Giro
0%
5Grego
0%
3Rei
0%

Score Distribution

Percentile by Number Answered

Percent of People with Each Score

Your Score History

You have not taken this quiz